[Event "ch-FRA Blitz Online Qual"]
[Site "Europe-Chess INT"]
[Date "2020.05.16"]
[Round "12"]
[White "Bujisho, Benjamin"]
[Black "Msellek, Ilyass"]
[Result "0-1"]
[WhiteTitle "IM"]
[BlackTitle "FM"]
[WhiteElo "2290"]
[BlackElo "2316"]
[WhiteFideId "608610"]
[BlackFideId "675938"]
[EventDate "2020.05.16"]

1. d4 d6 2. c4 g6 3. Nc3 Bg7 4. e4 Nf6 5. Be2 O-O 6. Nf3 Na6 7. Be3 e5 8. d5 Nc5
9. Nd2 a5 10. g4 Ne8 11. h4 f5 12. gxf5 gxf5 13. f3 f4 14. Bf2 Kh8 15. Qc2 c6
16. O-O-O Bd7 17. h5 Bf6 18. Kb1 Nc7 19. Nb3 Nxb3 20. Qxb3 a4 21. Qc2 cxd5 22.
exd5 Qe7 23. Bd3 Na6 24. Ne4 Nb4 25. Qe2 Nxd3 26. Rxd3 Bf5 27. Ka1 Rfb8 28. c5
Bxe4 29. Qxe4 dxc5 30. d6 Qe6 31. Bxc5 Rc8 32. Bb6 Rc6 33. Bf2 Rxd6 34. Rhd1
Rxd3 35. Rxd3 Rc8 36. Kb1 b5 37. Be1 Rc4 38. Qa8+ Kg7 39. a3 Qf5 40. h6+ Kxh6
41. Qf8+ Kg6 42. Qg8+ Bg7 43. Qe8+ Kh6 44. Qd8 Rd4 45. Qh4+ Kg6 0-1

[Event "ch-FRA Blitz Online Qual"]
[Site "Europe-Chess INT"]
[Date "2020.05.16"]
[Round "12"]
[White "Glek, Igor"]
[Black "Popov, Konstantin"]
[Result "0-1"]
[WhiteTitle "GM"]
[BlackTitle "FM"]
[WhiteElo "2475"]
[BlackElo "2366"]
[WhiteFideId "4100484"]
[BlackFideId "34137910"]
[EventDate "2020.05.16"]

1. e4 c5 2. Nf3 e6 3. Nc3 Nc6 4. d4 cxd4 5. Nxd4 Qc7 6. g3 a6 7. Bg2 Nf6 8. O-O
h5 9. Bg5 h4 10. Bxh4 Rxh4 11. gxh4 Bd6 12. Nf3 Ne5 13. h3 b5 14. a3 Bb7 15. Qe2
Ng6 16. Rad1 Nh5 17. Rfe1 Nhf4 18. Qd2 Bc5 19. h5 Nxh5 20. Qg5 Nhf4 21. h4 f6
22. Qg4 O-O-O 23. h5 Nxg2 24. Qxg2 Nf4 25. Qg3 Rh8 26. Ne2 Nxe2+ 27. Rxe2 Qxg3+ 0-1

[Event "ch-FRA Blitz Online Qual"]
[Site "Europe-Chess INT"]
[Date "2020.05.16"]
[Round "12"]
[White "Philippe, Guillaume"]
[Black "Roque, Gaetan"]
[Result "1/2-1/2"]
[WhiteTitle "IM"]
[WhiteElo "2354"]
[BlackElo "2128"]
[WhiteFideId "36048763"]
[BlackFideId "20666934"]
[EventDate "2020.05.16"]

1. f4 Nf6 2. Nf3 d5 3. g3 c6 4. Bg2 Bf5 5. O-O e6 6. d3 Be7 7. Nc3 Nbd7 8. Qe1
O-O 9. e4 Bg6 10. e5 Ne8 11. g4 f5 12. exf6 Rxf6 13. g5 Rf7 14. Qxe6 Bf5 15. Qe1
Bc5+ 16. Kh1 Re7 17. Qg3 g6 18. Bd2 Ng7 19. Nh4 Qb6 20. Na4 Qb5 21. Nxc5 Qxc5
22. c3 Rae8 23. Rae1 Qb5 24. Rxe7 Rxe7 25. Re1 Rxe1+ 26. Qxe1 Qxd3 27. Be3 b6
28. Bd4 Be4 29. Bxg7 Kxg7 30. Bxe4 Qxe4+ 31. Qxe4 dxe4 32. Kg2 Nc5 33. Kf1 Nd3
34. Ke2 Nxb2 35. Ng2 Kf7 36. Ke3 Ke6 37. Kxe4 Na4 38. Kd4 c5+ 39. Kc4 a6 40. Ne3
b5+ 41. Kd3 Nb6 42. Ke4 a5 43. h4 Nc8 44. f5+ gxf5+ 45. Nxf5 b4 46. cxb4 cxb4
47. Nd4+ Kd6 48. h5 a4 49. g6 hxg6 50. hxg6 Ne7 51. g7 Kd7 52. Kd3 Ke8 53. Kc4
b3 54. axb3 axb3 55. Kxb3 Kf7 1/2-1/2

[Event "ch-FRA Blitz Online Qual"]
[Site "Europe-Chess INT"]
[Date "2020.05.16"]
[Round "12"]
[White "Derige Kane, Yan"]
[Black "Brunner, Nicolas"]
[Result "1/2-1/2"]
[BlackTitle "IM"]
[WhiteElo "2236"]
[BlackElo "2428"]
[WhiteFideId "20665431"]
[BlackFideId "620246"]
[EventDate "2020.05.16"]

1. d4 Nf6 2. Bg5 Ne4 3. Bf4 c5 4. f3 Qa5+ 5. c3 Nf6 6. d5 e6 7. e4 exd5 8. exd5
d6 9. Na3 Be7 10. Nc4 Qc7 11. a4 O-O 12. Ne3 Nh5 13. Bg3 f5 14. Bf2 f4 15. Nc2
Bf5 16. Bd3 Qd7 17. Ne2 Na6 18. O-O Nc7 19. Re1 Rae8 20. c4 Bf6 21. Nc3 Na6 22.
Qd2 g5 23. Bxf5 Qxf5 24. Rxe8 Rxe8 25. Ne4 Be5 26. h3 Nf6 27. Re1 Nxe4 28. Rxe4
Kf7 29. Qd3 Kg6 30. b3 h5 31. Qe2 b6 32. Ne1 Nb4 33. Nd3 Nxd3 34. Qxd3 a5 35.
Qe2 Kf6 36. Kh1 Rg8 37. Kh2 g4 38. Bh4+ Kf7 39. Qd3 gxh3 40. gxh3 Qg6 41. Qf1
Qf5 42. Qd3 Rg6 43. Qf1 Kg8 44. Qd3 Kh7 45. Qf1 Rg7 46. Qd3 Qg6 47. Qf1 Bd4 48.
Bf2 Be5 49. Bh4 Qf7 50. Qe2 Rg6 51. Qd3 Qg7 52. Re2 Qf7 53. Rg2 Kh6 54. Qxg6+
Qxg6 55. Rxg6+ Kxg6 56. Bd8 Bc3 57. Bxb6 Kf5 58. Bc7 Ke5 59. Kg2 Bb4 60. Kf2 Bc3
61. Ke2 Bb4 62. Kd3 Be1 63. Bd8 Bb4 64. Bg5 Kf5 65. Bh6 Ke5 66. Bg7+ Kf5 67. Bh8
Be1 68. Bg7 Bb4 69. Bb2 Be1 70. Bg7 Bb4 1/2-1/2

[Event "ch-FRA Blitz Online Qual"]
[Site "Europe-Chess INT"]
[Date "2020.05.16"]
[Round "12"]
[White "Pigeat, Alexandre"]
[Black "Colin, Vincent"]
[Result "0-1"]
[WhiteTitle "FM"]
[BlackTitle "IM"]
[WhiteElo "2293"]
[BlackElo "2372"]
[WhiteFideId "20649444"]
[BlackFideId "612324"]
[EventDate "2020.05.16"]

1. d4 Nf6 2. c4 g6 3. f3 Bg7 4. e4 O-O 5. Nc3 d6 6. Be3 Nc6 7. Qd2 a6 8. d5 Ne5
9. Bh6 Bxh6 10. Qxh6 e6 11. h3 Nh5 12. Qd2 exd5 13. Nxd5 c6 14. Ne3 Ng3 15. Rh2
f5 16. exf5 gxf5 17. f4 Ne4 18. Qe2 Qh4+ 19. Kd1 Ng6 20. g4 Nxf4 21. Qe1 Qxe1+
22. Kxe1 fxg4 23. hxg4 Bd7 24. Kd1 Rae8 25. Kc2 Ng5 26. Ng2 Bxg4 27. Nxf4 Rxf4
28. Bd3 h5 29. Rg2 Ref8 30. Ne2 Rf2 31. Rag1 Nh3 32. Rxg4+ hxg4 33. Rxg4+ Kf7
34. Kc3 Ke7 35. Nd4 c5 36. Re4+ Kd7 37. Nb3 R8f3 38. Nd2 Rxd2 39. Kxd2 Rxd3+ 40.
Kxd3 Nf2+ 41. Ke3 Nxe4 42. Kxe4 Ke6 43. b3 a5 44. a3 b6 45. a4 d5+ 46. cxd5+ Kd6
47. Ke3 Kxd5 48. Kd3 Kd6 49. Kc3 Kd5 50. Kd3 Kd6 51. Kc3 Kc6 52. Kc4 Kc7 53. Kc3 0-1

[Event "ch-FRA Blitz Online Qual"]
[Site "Europe-Chess INT"]
[Date "2020.05.16"]
[Round "12"]
[White "Gatineau, Yovann"]
[Black "Vaisser, Anatoly"]
[Result "0-1"]
[WhiteTitle "FM"]
[BlackTitle "GM"]
[WhiteElo "2423"]
[BlackElo "2504"]
[WhiteFideId "26028999"]
[BlackFideId "603252"]
[EventDate "2020.05.16"]

1. d4 Nf6 2. Nc3 d5 3. Bf4 c6 4. e3 Bf5 5. Nf3 e6 6. h3 h6 7. g4 Bg6 8. Ne5 Bh7
9. Bd3 Bxd3 10. Qxd3 Nbd7 11. O-O-O Nxe5 12. dxe5 Nd7 13. e4 Qa5 14. Kb1 Bb4 15.
exd5 cxd5 16. Nb5 O-O 17. Nd4 Qb6 18. h4 Nc5 19. Qf3 Ne4 20. g5 Bc5 21. c3 Bxd4
22. Rxd4 h5 23. g6 fxg6 24. Ka1 Rac8 25. Qe3 Rf5 26. f3 Nc5 27. Rg1 Kh7 28. Qd2
Qc7 29. Qe2 Qf7 30. Qh2 Rf8 31. Qg3 Nd7 32. a3 Kh8 33. Bd2 Rxf3 34. Qxg6 Nxe5
35. Qg5 Rf5 36. Qe3 Nf3 37. Rd1 Nxd4 38. Qxd4 e5 39. Qxa7 Rf1 40. Rxf1 Qxf1+ 41.
Ka2 Qc4+ 42. b3 Qe2 43. Qe3 Qxe3 44. Bxe3 Rf3 45. Bc5 e4 46. Kb2 e3 47. Kc2 e2
48. Kd2 Rxc3 49. b4 Rxa3 50. Kxe2 Kh7 0-1

[Event "ch-FRA Blitz Online Qual"]
[Site "Europe-Chess INT"]
[Date "2020.05.16"]
[Round "12"]
[White "Saya, Ethan"]
[Black "Guliyev, Namig"]
[Result "1/2-1/2"]
[BlackTitle "GM"]
[WhiteElo "2199"]
[BlackElo "2529"]
[WhiteFideId "26095181"]
[BlackFideId "13400363"]
[EventDate "2020.05.16"]

1. e4 c5 2. Nc3 a6 3. g3 b5 4. Bg2 Bb7 5. d3 b4 6. Na4 e6 7. Be3 Qa5 8. b3 Nf6
9. h3 d5 10. e5 Nfd7 11. f4 Nc6 12. Nf3 Be7 13. O-O d4 14. Bd2 Qc7 15. Qe2 a5
16. Rae1 g6 17. Bc1 O-O-O 18. Nd2 Kb8 19. Nc4 h5 20. h4 Ka7 21. a3 Ndb8 22. Bd2
Rdg8 23. Ra1 Na6 24. axb4 cxb4 25. Be1 Rd8 26. Bf2 Ncb8 27. Bxb7 Kxb7 28. Qe4+
Nc6 29. Nab2 Nc5 30. Qf3 Rd5 31. Na4 Nd7 32. Nab2 Ra8 33. Ra2 Ra6 34. Rfa1 Kc8
35. Nd2 Kd8 36. Nbc4 Ke8 37. Ne4 Kf8 38. Ra4 Nb6 39. Nxb6 Qxb6 40. Kg2 Qc7 41.
Rh1 Na7 42. Qe2 Rc6 43. Ra2 Nb5 44. g4 hxg4 45. h5 gxh5 46. Rxh5 Ke8 47. Qxg4
Rxc2 48. Rxc2 Qxc2 49. Qg8+ Kd7 50. Rh8 Nc7 51. Qc8+ Kc6 52. Rh7 Qxd3 53. Nd6
Qxh7 54. Qb7+ Kd7 55. Qc8+ Kc6 56. Qb7+ Kd7 57. Qc8+ Kc6 1/2-1/2

[Event "ch-FRA Blitz Online Qual"]
[Site "Europe-Chess INT"]
[Date "2020.05.16"]
[Round "12"]
[White "Eden, James"]
[Black "Miralles, Gilles"]
[Result "1-0"]
[WhiteTitle "IM"]
[BlackTitle "GM"]
[WhiteElo "2330"]
[BlackElo "2418"]
[WhiteFideId "666491"]
[BlackFideId "600059"]
[EventDate "2020.05.16"]

1. e4 c6 2. d4 d5 3. Nc3 dxe4 4. Nxe4 Nd7 5. Nf3 Ngf6 6. Ng3 g6 7. Bc4 Bg7 8. c3
O-O 9. Be3 Nb6 10. Bb3 a5 11. a4 Nbd5 12. Qd2 Qb6 13. Bc4 Nxe3 14. fxe3 c5 15.
O-O cxd4 16. exd4 Be6 17. Bxe6 Qxe6 18. Rae1 Qd6 19. Qe2 e6 20. Qb5 Nd5 21. Ne5
f6 22. Nc4 Qa6 23. Ne4 Nc7 24. Qxa6 Rxa6 25. Nc5 Rc6 26. Nxa5 Rb6 27. Nd7 Rxb2
28. Nxf8 Kxf8 29. Rb1 Ra2 30. Rxb7 Nd5 31. c4 Ne3 32. Rfb1 f5 33. Ra7 Kg8 34.
Rb8+ Bf8 35. Raa8 Rxg2+ 36. Kh1 Ra2 37. Rxf8+ Kg7 38. h3 Rxa4 39. Rfe8 f4 40.
Rxe6 Ra1+ 41. Kh2 Ra2+ 42. Kg1 Nxc4 43. Ra7+ Kh6 44. Nc6 Rc2 45. Ne5 f3 46. Nxc4
Rxc4 47. Rf7 Rxd4 48. Rxf3 Kg5 49. Rfe3 h5 50. R6e5+ Kh6 51. Kg2 Rd2+ 52. Kg3
Rd1 53. Re2 Rd3+ 54. R5e3 Rd6 55. h4 Rd4 56. Re7 Rxh4 57. Kxh4 1-0

[Event "ch-FRA Blitz Online Qual"]
[Site "Europe-Chess INT"]
[Date "2020.05.16"]
[Round "12"]
[White "Joie, Sebastien"]
[Black "Louistisserand, Patrick"]
[Result "1-0"]
[WhiteTitle "IM"]
[BlackTitle "FM"]
[WhiteElo "2393"]
[BlackElo "2245"]
[WhiteFideId "650420"]
[BlackFideId "635049"]
[EventDate "2020.05.16"]

1. d4 Nf6 2. c4 c5 3. d5 e6 4. Nc3 exd5 5. cxd5 d6 6. Nf3 g6 7. g3 Bg7 8. Bg2
O-O 9. O-O a6 10. a4 Re8 11. Re1 Ne4 12. Nxe4 Rxe4 13. Qc2 Rb4 14. Ra2 Qe7 15.
e4 b5 16. axb5 Rxb5 17. Nd2 Nd7 18. Nc4 Ne5 19. Na3 Rbb8 20. f4 Ng4 21. e5 dxe5
22. h3 Nh6 23. fxe5 Ra7 24. Nc4 Nf5 25. g4 Nd4 26. Qf2 Rb4 27. Nd6 Bd7 28. Bf4
g5 29. Bg3 Rb3 30. Ra3 Rxa3 31. bxa3 Ra8 32. Nf5 Bxf5 33. gxf5 Rb8 34. f6 Qd7
35. fxg7 Kxg7 36. e6 fxe6 37. Bxb8 1-0

[Event "ch-FRA Blitz Online Qual"]
[Site "Europe-Chess INT"]
[Date "2020.05.16"]
[Round "12"]
[White "Barbaras, Mathieu"]
[Black "Barbot, Pierre1"]
[Result "1-0"]
[BlackTitle "IM"]
[WhiteElo "2200"]
[BlackElo "2443"]
[WhiteFideId "20622910"]
[BlackFideId "663727"]
[EventDate "2020.05.16"]

1. d4 Nf6 2. Nf3 e6 3. c4 Bb4+ 4. Nbd2 O-O 5. a3 Bxd2+ 6. Qxd2 b6 7. e3 Bb7 8.
Be2 d6 9. O-O Nbd7 10. b4 Ne4 11. Qc2 f5 12. d5 e5 13. Nd2 Nxd2 14. Qxd2 a5 15.
Bb2 Qe7 16. f4 axb4 17. axb4 Rxa1 18. Rxa1 Nf6 19. Bf3 e4 20. Be2 b5 21. Ra7 Rb8
22. Qd4 bxc4 23. Bxc4 Bc8 24. b5 h6 25. b6 Rb7 26. Ba6 Rxb6 27. Qxb6 Bxa6 28.
Qxa6 Ng4 29. Qc8+ Kh7 30. Qxf5+ 1-0

[Event "ch-FRA Blitz Online Qual"]
[Site "Europe-Chess INT"]
[Date "2020.05.16"]
[Round "12"]
[White "Efimov, Igor"]
[Black "Ellis, Antoine"]
[Result "0-1"]
[WhiteTitle "GM"]
[WhiteElo "2409"]
[BlackElo "2066"]
[WhiteFideId "806404"]
[BlackFideId "36019992"]
[EventDate "2020.05.16"]

1. d4 Nf6 2. Bg5 c5 3. Nc3 cxd4 4. Qxd4 Nc6 5. Qh4 h6 6. O-O-O Qa5 7. Bxf6 gxf6
8. Kb1 d6 9. e3 Be6 10. Bc4 Qb4 11. Nd5 Bxd5 12. Nf3 Qxc4 13. Qh5 Qxa2+ 14. Kc1
Be6 15. Qb5 Qa1+ 16. Kd2 Qa5+ 17. Qxa5 Nxa5 18. b3 Bg7 19. Nd4 Nc6 20. Nb5 O-O
21. c4 a6 22. Nc3 b5 23. Nd5 bxc4 24. bxc4 Rab8 25. Rb1 f5 26. Rhc1 Bxd5 27.
cxd5 Ne5 28. f4 Nc4+ 29. Ke2 Rxb1 30. Rxb1 Nb2 31. Ra1 Ra8 32. Rc1 a5 33. Kd2 a4
34. Kc2 a3 35. Kb3 a2 36. Ra1 Nc4 0-1

[Event "ch-FRA Blitz Online Qual"]
[Site "Europe-Chess INT"]
[Date "2020.05.16"]
[Round "12"]
[White "Doluhanova, Evgeniya"]
[Black "Villegas, Pierre"]
[Result "1/2-1/2"]
[WhiteTitle "WGM"]
[BlackTitle "IM"]
[WhiteElo "2229"]
[BlackElo "2364"]
[WhiteFideId "14112035"]
[BlackFideId "654183"]
[EventDate "2020.05.16"]

1. Nf3 d5 2. g3 Nf6 3. Bg2 c5 4. O-O Nc6 5. d4 cxd4 6. Nxd4 e5 7. Nxc6 bxc6 8.
c4 Be6 9. Nc3 Rc8 10. cxd5 cxd5 11. Bg5 d4 12. Ne4 Be7 13. Nxf6+ Bxf6 14. Bxf6
gxf6 15. Qa4+ Qd7 16. Qa3 Qe7 17. Qa4+ Kf8 18. Rfc1 Kg7 19. Bc6 Rc7 20. Rc2 h5
21. Rac1 h4 22. Be4 Rxc2 23. Rxc2 f5 24. Bg2 Kf6 25. Qa5 hxg3 26. hxg3 Rc8 27.
Rxc8 Bxc8 28. Qa4 Qc5 29. Qc6+ Qxc6 30. Bxc6 Be6 31. a3 e4 32. Kf1 Ke5 33. Ke1
e3 34. fxe3 dxe3 35. Ba4 Bd5 36. Bc2 Be4 37. Kd1 Bd5 38. b4 Kf6 39. a4 Kg5 40.
a5 Bc4 41. Ke1 Kg4 42. Bb1 f4 43. gxf4 Kxf4 44. Bh7 Ke5 45. Bc2 Kd4 46. Ba4 Kc3
47. b5 Kb4 48. b6 axb6 49. axb6 Bd5 50. Bd7 Kc5 51. Be8 Kxb6 52. Kd1 Kc5 53. Kc2
Kd4 54. Kd1 f5 55. Ke1 f4 56. Bh5 Ke5 57. Bg4 Kf6 58. Bh3 Kg5 59. Bd7 Kh4 60.
Bc8 Kg3 61. Bd7 Be4 62. Bc8 Bg2 63. Bd7 Bh3 64. Bc6 Bg2 65. Bd7 Be4 66. Bc8 Kh2
67. Bd7 Kg1 68. Bc8 Kg2 69. Bd7 Bd5 70. Bg4 Bc6 71. Bh5 Bb5 72. Bg4 Bc6 73. Bh5
f3 74. exf3 Bxf3 75. Bg6 e2 76. Bd3 Kg3 77. Bxe2 1/2-1/2

[Event "ch-FRA Blitz Online Qual"]
[Site "Europe-Chess INT"]
[Date "2020.05.16"]
[Round "12"]
[White "Luminais, Eric"]
[Black "Di Nicolantonio, Lucas"]
[Result "0-1"]
[BlackTitle "IM"]
[WhiteElo "2161"]
[BlackElo "2414"]
[WhiteFideId "610372"]
[BlackFideId "680460"]
[EventDate "2020.05.16"]

1. c4 g6 2. Nc3 Bg7 3. g3 d6 4. Bg2 f5 5. d4 Nf6 6. Rb1 O-O 7. Nf3 Nc6 8. O-O e5
9. dxe5 dxe5 10. Qxd8 Rxd8 11. b3 e4 12. Ne1 Be6 13. Bf4 Rd7 14. Nc2 Nh5 15. Nb5
Nxf4 16. gxf4 a6 17. Nba3 Rd2 18. Rfe1 Rad8 19. f3 e3 20. Kf1 Bd4 21. Nxd4 R8xd4
22. Rbc1 Nb4 23. Rc3 Rxa2 24. Nb1 Kg7 25. Rec1 Bf7 26. Rxe3 Rb2 27. Kf2 Nd3+ 28.
Rxd3 Rxd3 0-1

[Event "ch-FRA Blitz Online Qual"]
[Site "Europe-Chess INT"]
[Date "2020.05.16"]
[Round "12"]
[White "Hutois, Mickael"]
[Black "Debray, Christopher"]
[Result "1-0"]
[WhiteTitle "FM"]
[BlackTitle "IM"]
[WhiteElo "2261"]
[BlackElo "2376"]
[WhiteFideId "652091"]
[BlackFideId "630810"]
[EventDate "2020.05.16"]

1. e4 c5 2. Nf3 g6 3. d4 cxd4 4. Nxd4 Bg7 5. c4 Nc6 6. Be3 Nf6 7. Nc3 O-O 8. Be2
d6 9. O-O Nxd4 10. Bxd4 Bd7 11. Rc1 a5 12. f3 a4 13. b4 axb3 14. axb3 Qa5 15.
Rf2 Bc6 16. Bf1 Nd7 17. Bxg7 Kxg7 18. Nd5 Bxd5 19. exd5 Qc5 20. Qe1 Ra2 21. b4
Qa7 22. c5 Rxf2 23. Qxf2 dxc5 24. bxc5 Rc8 25. c6 Qxf2+ 26. Kxf2 bxc6 27. dxc6
Nb6 28. Ba6 Rc7 29. Bb7 e6 30. Ke3 f6 31. Kd4 Nd5 32. Kc5 Kf7 33. Kd6 g5 34. Rc5
Re7 35. Rxd5 exd5 36. c7 Rxc7 37. Bxd5+ Kg6 38. Kxc7 Kf5 39. Kd6 Kf4 40. Ke6 f5
41. g3+ 1-0

[Event "ch-FRA Blitz Online Qual"]
[Site "Europe-Chess INT"]
[Date "2020.05.16"]
[Round "12"]
[White "Okhotnik, Vladimir"]
[Black "Buksa, Nataliya"]
[Result "0-1"]
[WhiteTitle "GM"]
[BlackTitle "IM"]
[WhiteElo "2359"]
[BlackElo "2410"]
[WhiteFideId "14101289"]
[BlackFideId "14123622"]
[EventDate "2020.05.16"]

1. e4 c5 2. Nf3 Nc6 3. c3 Nf6 4. e5 Nd5 5. d4 cxd4 6. cxd4 d6 7. Bc4 Nb6 8. Bb5
dxe5 9. Nxe5 Bd7 10. Nxd7 Qxd7 11. Nc3 e6 12. Qg4 a6 13. Bxc6 Qxc6 14. d5 Nxd5
15. Nxd5 Qxd5 16. O-O h5 17. Qe2 Bd6 18. Rd1 Qe5 19. Qf3 Qxh2+ 20. Kf1 O-O 21.
Qxb7 Bc5 22. Qf3 Rad8 23. Bg5 Rxd1+ 24. Rxd1 Qe5 25. Bc1 Bb6 26. Qe2 Qxe2+ 27.
Kxe2 Rc8 28. Rd6 Bxf2 29. Bd2 Bg3 30. Rxa6 Rc2 31. Kd3 Rxb2 32. a4 e5 33. a5 e4+
34. Ke3 Bf2+ 35. Kxf2 Rxd2+ 36. Kg3 h4+ 37. Kh3 e3 38. Ra8+ Kh7 39. Re8 g5 40.
Rxe3 Ra2 41. Re5 Kg6 42. Rb5 Ra3+ 43. Kh2 g4 44. Rb6+ Kg5 45. Ra6 g3+ 46. Kh3
Ra1 47. Rg6+ Kxg6 0-1

[Event "ch-FRA Blitz Online Qual"]
[Site "Europe-Chess INT"]
[Date "2020.05.16"]
[Round "12"]
[White "Navrotescu, Catalin"]
[Black "Devallee, Jeremie"]
[Result "1/2-1/2"]
[WhiteTitle "IM"]
[BlackTitle "FM"]
[WhiteElo "2348"]
[BlackElo "2230"]
[WhiteFideId "1200208"]
[BlackFideId "665240"]
[EventDate "2020.05.16"]

1. d4 Nf6 2. g3 c5 3. d5 e6 4. c4 exd5 5. cxd5 d6 6. Nc3 g6 7. Bg2 Bg7 8. Nf3
O-O 9. O-O Re8 10. Bf4 Ne4 11. Nxe4 Rxe4 12. Nd2 Rb4 13. a3 Rxf4 14. gxf4 Bxb2
15. Ra2 Bg7 16. Qb3 b6 17. Nc4 Na6 18. e4 Qh4 19. Qg3 Qxg3 20. hxg3 Bf8 21. e5
b5 22. Na5 c4 23. Rb1 Nc7 24. a4 a6 25. Nc6 Bf5 26. Rc1 h5 27. e6 fxe6 28. axb5
Nxb5 29. Rxc4 exd5 30. Bxd5+ Kh7 31. Nd4 Rb8 32. Rb2 Bg7 33. Rbb4 Bd3 34. Nxb5
Bxc4 35. Bxc4 axb5 36. Rxb5 Rxb5 37. Bxb5 Bf6 38. Bd3 Kh6 39. Kg2 g5 40. fxg5+
Kxg5 41. f4+ Kh6 42. Kf3 Be7 43. Be4 Bd8 44. Bf5 Ba5 45. Be6 Be1 46. Bd5 Bb4 47.
Kg2 Be1 48. Kf3 Bb4 49. Kg2 Be1 50. Kf3 1/2-1/2

[Event "ch-FRA Blitz Online Qual"]
[Site "Europe-Chess INT"]
[Date "2020.05.16"]
[Round "12"]
[White "Muller, Anthony"]
[Black "Daeschler, Florian"]
[Result "1-0"]
[BlackTitle "FM"]
[WhiteElo "2278"]
[BlackElo "2322"]
[WhiteFideId "20682743"]
[BlackFideId "20678193"]
[EventDate "2020.05.16"]

1. d4 d5 2. c4 e6 3. Nc3 Nf6 4. Nf3 Be7 5. Bg5 h6 6. Bh4 O-O 7. e3 b6 8. Bd3
dxc4 9. Bxc4 Ba6 10. Bxa6 Nxa6 11. O-O c5 12. Qa4 Qc8 13. Rac1 Qb7 14. Ne5 cxd4
15. exd4 Nd5 16. Bxe7 Nxe7 17. Nb5 Rfd8 18. Rc2 Nf5 19. Rfc1 Rac8 20. Nc6 Rd7
21. h3 Nb8 22. Ncxa7 Rxc2 23. Qxc2 Rd8 24. Qc7 Qxc7 25. Rxc7 Nxd4 26. Nxd4 Rxd4
27. Rc8+ Kh7 28. Rxb8 Rd1+ 29. Kh2 Rd2 30. Rxb6 Rxf2 31. a4 e5 32. a5 e4 33. Nc6
e3 34. Nd4 Rd2 35. Nf3 Rd5 36. a6 e2 37. Kg3 g5 38. Kf2 1-0

[Event "ch-FRA Blitz Online Qual"]
[Site "Europe-Chess INT"]
[Date "2020.05.16"]
[Round "12"]
[White "Ciccoli, Theo"]
[Black "Macon, Arthur"]
[Result "1-0"]
[BlackTitle "FM"]
[WhiteElo "2178"]
[BlackElo "2310"]
[WhiteFideId "26053780"]
[BlackFideId "20654707"]
[EventDate "2020.05.16"]

1. d4 Nf6 2. Nf3 e6 3. e3 c5 4. Bd3 cxd4 5. exd4 b6 6. O-O Bb7 7. c4 Be7 8. Nc3
d5 9. cxd5 Nxd5 10. Ne5 O-O 11. Qh5 Nf6 12. Qh4 Nc6 13. Bg5 g6 14. Rfd1 Nxe5 15.
dxe5 Nd5 16. Bxe7 Qxe7 17. Qxe7 Nxe7 18. Ne4 Kg7 19. Nd6 Bd5 20. Be4 Bxe4 21.
Nxe4 Rfd8 22. Rd6 Nf5 23. Rxd8 Rxd8 24. Rc1 Rd4 25. f3 Rd5 26. Rc7 Rxe5 27. Rxa7
h6 28. a4 Rd5 29. Rb7 Rd4 30. Rxb6 Rxa4 31. Rb7 h5 32. Kf2 Ra2 33. g4 hxg4 34.
fxg4 Nh6 35. Kg3 Ra4 36. b4 Kf8 37. h3 Ng8 38. Nd6 f6 39. Rf7# 1-0

[Event "ch-FRA Blitz Online Qual"]
[Site "Europe-Chess INT"]
[Date "2020.05.16"]
[Round "12"]
[White "Vlachos, Anatole"]
[Black "Sahetchian, Armand"]
[Result "1-0"]
[WhiteTitle "IM"]
[WhiteElo "2401"]
[BlackElo "2117"]
[WhiteFideId "26093189"]
[BlackFideId "607150"]
[EventDate "2020.05.16"]

1. c4 Nf6 2. g3 e6 3. Bg2 d5 4. b3 c5 5. Bb2 Be7 6. Nf3 Nc6 7. O-O O-O 8. cxd5
exd5 9. d4 Bf5 10. Nc3 Re8 11. Rc1 Ne4 12. dxc5 Bxc5 13. Nxe4 dxe4 14. Qxd8
Raxd8 15. Nh4 Rd5 16. Rfd1 Red8 17. Rxd5 Rxd5 18. Nxf5 Rxf5 19. Bxe4 Bxf2+ 20.
Kg2 Rc5 21. Kxf2 1-0

[Event "ch-FRA Blitz Online Qual"]
[Site "Europe-Chess INT"]
[Date "2020.05.16"]
[Round "12"]
[White "Weisman, Nathan"]
[Black "Sochacki, Wojtek"]
[Result "1/2-1/2"]
[BlackTitle "IM"]
[WhiteElo "2186"]
[BlackElo "2320"]
[WhiteFideId "36060895"]
[BlackFideId "651389"]
[EventDate "2020.05.16"]

1. e4 g6 2. d4 Nf6 3. Nc3 d5 4. e5 Ne4 5. Nxe4 dxe4 6. c3 c5 7. Ne2 Nc6 8. Be3
cxd4 9. cxd4 Bg4 10. h3 Bf5 11. g4 Be6 12. Bg2 Bg7 13. Nc3 Bc4 14. Bxe4 O-O 15.
b3 Ba6 16. Rc1 f5 17. gxf5 gxf5 18. Bd5+ Kh8 19. Rg1 Nb4 20. Bc4 Bxc4 21. bxc4
f4 22. Rxg7 fxe3 23. Rxh7+ Kxh7 24. Qh5+ Kg7 25. Qg4+ Kh8 26. Qh5+ Kg7 27. Qg4+
Kh6 28. Qh4+ Kg6 29. Qg4+ Kh7 30. Qh5+ Kg7 1/2-1/2

[Event "ch-FRA Blitz Online Qual"]
[Site "Europe-Chess INT"]
[Date "2020.05.16"]
[Round "12"]
[White "Claverie, Christophe"]
[Black "Profili, Emilio"]
[Result "1-0"]
[WhiteTitle "IM"]
[WhiteElo "2304"]
[BlackElo "2053"]
[WhiteFideId "605514"]
[BlackFideId "45160805"]
[EventDate "2020.05.16"]

1. Nf3 Nf6 2. g3 g6 3. Bg2 Bg7 4. O-O O-O 5. c4 d5 6. cxd5 Nxd5 7. d4 Nb6 8. Nc3
c6 9. h3 Na6 10. e4 h6 11. a3 Be6 12. Qc2 Qc7 13. b3 Rfd8 14. Rd1 Rac8 15. Bb2
Qd7 16. Kh2 Qe8 17. Ne2 Bd7 18. Nf4 Nc7 19. Nd3 Ne6 20. b4 c5 21. Nxc5 Ba4 22.
Qe2 Bxd1 23. Rxd1 Nxc5 24. bxc5 Na4 25. Ba1 b6 26. cxb6 Nxb6 27. e5 e6 28. Nd2
Qa4 29. Re1 Qxa3 30. Ne4 Qa4 31. h4 1-0

[Event "ch-FRA Blitz Online Qual"]
[Site "Europe-Chess INT"]
[Date "2020.05.16"]
[Round "12"]
[White "Szajbely, Zsigmond"]
[Black "Massiani, Xavier"]
[Result "0-1"]
[WhiteTitle "FM"]
[WhiteElo "2260"]
[BlackElo "1781"]
[WhiteFideId "711691"]
[BlackFideId "45145059"]
[EventDate "2020.05.16"]

1. e4 c6 2. d4 d5 3. e5 Bf5 4. Ne2 e6 5. Ng3 Bg6 6. h4 h5 7. Be2 c5 8. c3 Nc6 9.
a3 cxd4 10. cxd4 Qb6 11. O-O Qxd4 12. Qb3 Rb8 13. Be3 Qxe5 14. Nd2 Nf6 15. Rac1
Be7 16. Nf3 Qd6 17. Bc5 Qd7 18. Bb5 Bxc5 19. Ne5 Qd6 20. Nxc6 bxc6 21. Bxc6+ Ke7
22. Qa4 Rhc8 23. b4 Qxc6 24. Qc2 Qd6 25. bxc5 Qf4 26. Qe2 Kf8 27. c6 Qxh4 28.
Qa6 Ng4 29. Rfe1 Nxf2 30. c7 Ra8 31. Qd6+ Qe7 32. Qxe7+ Kxe7 33. Kxf2 Kd6 34.
Rc3 Rxc7 35. Rxc7 Kxc7 36. Ke3 Rb8 37. Kd4 Kd6 38. Rc1 Rb3 39. Ne2 Rd3# 0-1